Abrégé d'historie des mathématiques: 1700-1900

保存先:
書誌詳細
第一著者: Dieudonné, Jean Alexandre (著者)
フォーマット: 図書
言語:フランス語
出版事項: París Hermann 1978
主題:
タグ: タグ追加
タグなし, このレコードへの初めてのタグを付けませんか!

MARC

LEADER 00000nam a2200000 a 4500
001 UCQ8279
003 CL-VaPUC
008 981209e19780000FR |||||||||||||||||fre|d
082 0 4 |a 510.9  |b DIE  |2 21 
100 0 |a Dieudonné, Jean Alexandre  |e author  |9 422142 
245 1 0 |a Abrégé d'historie des mathématiques: 1700-1900 
300 |a 2 v 
942 |c BK 
945 |d 19981209 00:00:00  |a crobeson 
260 |a París  |b Hermann  |c 1978 
500 |a v.1: Algèbre, analyse classique, théorie des nombres 
500 |a v.2: Functions elliptiques, analyse functionnelle, topologie, géométrie différentielle, probabilités, logique mathématique 
650 0 |a Matemática  |9 260235 
650 0 |a Historia de las matemáticas   |9 265664 
650 0 |a Análisis matemático   |9 260146 
650 0 |a Álgebra  |9 259567 
650 0 |a Geometría   |9 264063 
650 0 |a Teoría de números  |9 265327 
650 0 |a Topología   |9 260092 
650 0 |a Lógica matemática   |9 262442 
650 0 |a Probabilidad  |9 349606 
583 |a last modification  |c 20120903 11:58:37  |k Rodrigo Vera 
999 |c 277564  |d 277562 
952 |0 0  |1 0  |4 0  |6 510_900000000000000_DIE_1978  |7 0  |8 A  |9 315564  |a BIBMAT  |b BIBMAT  |d 2019-11-20  |h v.1  |i 1300474  |o 510.9 DIE 1978  |p 1300474  |r 2025-01-07  |w 2019-11-20  |y BK  |k MAT 
952 |0 0  |1 0  |4 0  |6 510_900000000000000_DIE_1978  |7 0  |8 A  |9 315565  |a BIBMAT  |b BIBMAT  |d 2019-11-20  |h v.2  |i 1300482  |o 510.9 DIE 1978  |p 1300482  |r 2025-01-07  |w 2019-11-20  |y BK  |k MAT